| Tag |
First Indicator |
Second Indicator |
Subfields |
| LEADER |
00000cam a2200000 a 4500 |
| 001 |
in00000378317 |
| 005 |
20151011091644.0 |
| 008 |
821122s1982 nyu 00010 eng |
| 010 |
|
|
|a 80065601
|
| 019 |
|
|
|a 8950119
|
| 020 |
|
|
|a 0823210650 (pbk.)
|
| 035 |
|
|
|a (OCoLC)06745159
|
| 035 |
|
|
|9 ABQ7637AM
|
| 039 |
0 |
|
|a 2
|b 3
|c 3
|d 3
|e 3
|
| 040 |
|
|
|a DLC
|c DLC
|d TXA
|d UtOrBLW
|
| 041 |
0 |
|
|a eng
|h gre
|
| 049 |
|
|
|a TXAM
|d [
|c =text
|p =appendix]
|c 1 [270317]
|p 1 [270384]
|
| 050 |
0 |
0 |
|a PA258
|b .H34 1982
|
| 082 |
0 |
|
|a 488.2/421
|2 19
|
| 100 |
1 |
|
|a Hansen, Hardy.
|
| 245 |
1 |
0 |
|a Greek, an intensive course.
|
| 250 |
|
|
|a Prelim. ed., 2nd print. with corrections and additions /
|b by Hardy Hansen and Gerald M. Quinn.
|
| 264 |
|
1 |
|a New York :
|b Fordham University Press,
|c 1982.
|
| 300 |
|
|
|a 1 volume (various pagings) ;
|c 26 cm. +
|e appendix.
|
| 336 |
|
|
|a text
|b txt
|2 rdacontent
|
| 337 |
|
|
|a unmediated
|b n
|2 rdamedia
|
| 338 |
|
|
|a volume
|b nc
|2 rdacarrier
|
| 650 |
|
0 |
|a Greek language
|x Grammar
|x History
|y 19th century.
|
| 700 |
1 |
|
|a Quinn, Gerald M.
|
| 999 |
|
|
|a MARS
|
| 999 |
f |
f |
|s 8bc2e25b-9b04-3063-88f5-c2bbebe0097f
|i d5ad02bf-106e-38d4-a4f1-374317b40eba
|t 0
|
| 952 |
f |
f |
|p normal
|a Texas A&M University
|b College Station
|c Sterling C. Evans Library
|d Evans: Library Stacks
|t 0
|e PA258 .H34 1982
|h Library of Congress classification
|i unmediated -- volume
|m A14807520456
|
| 952 |
f |
f |
|p normal
|a Texas A&M University
|b College Station
|c Sterling C. Evans Library
|d Evans: Library Stacks
|t 0
|e PA258 .H34 1982
|h Library of Congress classification
|i unmediated -- volume
|m A14807520749
|
| 998 |
f |
f |
|a PA258 .H34 1982
|t 0
|l Evans: Library Stacks
|
| 998 |
f |
f |
|a PA258 .H34 1982
|t 0
|l Evans: Library Stacks
|